000 00490cam a22001931 4500
003 OSt
005 20150605104355.0
008 150401b xxu||||| |||| 00| 0 eng d
020 _a9788177543834
040 _aSEKU
050 0 0 _aTX 531
_b.S34
100 1 _aSherman, Henry C.
245 1 0 _aChemistry of food and nutrition /
_cHenry C. Sherman.
260 _aIndia :
_bAgrobios,
_cc2010.
300 _a721 p. :
_bill.
650 0 _aNutrition
650 0 _aFood
_xAnalysis
942 _cGEN
_2lcc
999 _c456
_d456